Sports Quiz

Random Sports or Basketball Quiz

NBA 1000 Career Blocks & Steals Quiz Stats

 Plays Quiz Updated Apr 10, 2018

Challenge
Share
Tweet
Embed
Score 0/24 Timer 05:00
12 Plays Today
Blocks Players % Correct
3,830Hakeem Olajuwon
82.3%
3,020Tim Duncan
76.7%
2,954David Robinson
70.3%
1,390Clifford Robinson
69.6%
1,145Karl Malone
69%
1,733Moses Malone
68.7%
2,037Kevin Garnett
66.8%
3,189Kareem Abdul-Jabbar
66.3%
2,894Patrick Ewing
64.2%
*1,263Dirk Nowitzki
48.9%
2,137Ben Wallace
44%
1,460Rasheed Wallace
43.8%
Blocks Players % Correct
2,361Robert Parish
40.3%
1,713Josh Smith
25.4%
1,293Julius Erving
24.2%
1,200Chris Webber
23.8%
1,279Shawn Kemp
23.5%
1,100Buck Williams
20.1%
1,233Shawn Marion
18.6%
1,136Horace Grant
15.8%
1,631Vlade Divac
15%
1,461Andrei Kirilenko
10.8%
1,035Robert Horry
8.3%
1,048Jack Sikma
6.8%

You're not logged in!

Compare scores with friends on all Sporcle quizzes.
OR
Log In

You Might Also Like...

Show Comments

Extras

Top Quizzes Today


Score Distribution

Your Account Isn't Verified!

In order to create a playlist on Sporcle, you need to verify the email address you used during registration. Go to your Sporcle Settings to finish the process.

Report this User

Report this user for behavior that violates our Community Guidelines.

Details: